Clic Qui gouverne en Europe le 1er janvier 2000 ? - Statistiques

Statistiques générales
  • Ce quiz a été pris 23 fois
  • Le résultat moyen est 18 sur 41
Statistiques - réponses
Hint Réponse % Correct
Royaume-Uni Elisabeth II
100%
Royaume d'Espagne Juan Carlos 1er
79%
Royaume de Belgique Albert II
71%
République française Jacques Chirac
71%
République de Russie Vladimir Poutine
71%
Vatican Jean-Paul II
64%
République du Portugal Jorge Sampaio
64%
Principauté de Monaco Albert II Grimaldi
57%
République de Biélorussie Alexandre Loukachenko
57%
République d'Italie Giovanni Leone
57%
République de Pologne Aleksander Kwaśniewski
50%
Royaume des Pays-Bas Béatrix
50%
République de Grèce Giorgos Papandreou
50%
Royaume de Danemark Margrethe II
50%
République d'Irlande Mary McAleese
50%
République de Yougoslavie Slobodan Milosevic
50%
Royaume de Suède Carl XVI Gustaf
43%
République de Roumanie Emil Constantinescu
43%
Principauté du Liechtenstein Hans-Adam II
43%
Grand-duché de Luxembourg Jean
43%
Principauté d'Andorre (2e co-prince) Joan Martí i Alanis
43%
République de Tchéquie Václav Havel
43%
République de Turquie Ahmet Necdet Sezer
36%
République de Hongrie Árpád Göncz
36%
Royaume de Norvège Harald V
36%
République de Saint-Marin Rosa Zafferani & Filippo Tamagnini
36%
Confédération suisse Ruth Dreifuss
36%
République de Finlande Tarja Halonen
36%
République de Lituanie Valdas Adamkus
36%
République de Chypre Glafcos Clerides
29%
République d'Allemagne Johannes Rau
29%
République d'Ukraine Leonid Koutchma
29%
République de Bulgarie Peter Stoyanov
29%
République de Croatie Stjepan Mesic
29%
République de Slovénie Milan Kucan
21%
République d'Albanie Rexhep Meidani
21%
République de Macédoine Boris Trajkovski
14%
République de Malte Eddie Fenech Adami
14%
République de Slovaquie Rudolf Schuster
14%
République de Lettonie Vaira Vïke-Freiberga
14%
République d'Estonie Vladimir Stsokhin
14%
Aucun quiz correspondant
Distribution des résultats
% des personnes avec chaque résultat
Percentile par nombre de réponses
Votre historique - résultats
Vous n’avez pas pris ce quiz